[Event "ITA-ch sf 66th"]
[Site "Cortina d'Ampezzo"]
[Date "2006.07.09"]
[Round "1.19"]
[White "Martorelli, Antonio"]
[Black "Caracci, Giuseppe"]
[Result "1-0"]
[WhiteElo "2264"]
[BlackElo "2069"]
[PlyCount "93"]
[EventDate "2006.07.09"]
[EventType "swiss"]
[EventRounds "9"]
[EventCountry "ITA"]
[SourceTitle "EXT 2023"]
[Source "ChessBase"]
[SourceDate "2022.10.05"]
[SourceVersion "1"]
[SourceVersionDate "2022.10.05"]
[SourceQuality "1"]

1. e4 c5 2. Nf3 d6 3. d4 cxd4 4. Nxd4 Nf6 5. Nc3 a6 6. g3 g6 7. Bg2 Bg7 8. 0-0 0-0 9. Re1 Nfd7 10. Nd5 Nc6 11. c3 e6 12. Ne3 Nxd4 13. cxd4 Nb6 14. b3 d5 15. Ba3 Re8 16. exd5 Nxd5 17. Nxd5 exd5 18. Rxe8+ Qxe8 19. Bxd5 h5 20. Qd2 Qd8 21. Bg2 Qxd4 22. Qxd4 Bxd4 23. Rd1 Bf6 24. Re1 Be6 25. Bxb7 Ra7 26. Be4 Kg7 27. h4 Rd7 28. Bb4 Bd5 29. Bxd5 Rxd5 30. Re3 Rd1+ 31. Kg2 Ra1 32. Re2 Rd1 33. Rc2 Rd5 34. Rc5 Rxc5 35. Bxc5 Bc3 36. Kf3 Kf6 37. Ke4 Ke6 38. Kd3 Be1 39. Kc4 Ba5 40. b4 Bc7 41. a4 f5 42. f4 Bd8 43. a5 Bc7 44. b5 axb5+ 45. Kxb5 Kd5 46. a6 Bb8 47. Kb6 1-0

[Event "Hotel Montesano op-A"]
[Site "Villa San Giovanni"]
[Date "2005.09.13"]
[Round "7"]
[White "Cavallini, Gianfranco"]
[Black "Caracci, Giuseppe"]
[Result "1/2-1/2"]
[WhiteElo "2005"]
[BlackElo "2064"]
[PlyCount "156"]
[EventDate "2005.09.07"]
[EventType "swiss"]
[EventRounds "9"]
[EventCountry "ITA"]
[SourceTitle "CBM 108 Extra"]
[Source "ChessBase"]
[SourceDate "2005.11.04"]
[SourceVersion "1"]
[SourceVersionDate "2005.11.04"]
[SourceQuality "1"]

1. c4 Nf6 2. Nc3 e6 3. g3 d5 4. cxd5 exd5 5. Nf3 c6 6. Qc2 Be7 7. Bg2 Bg4 8. d4 Qc8 9. Qb3 0-0 10. Bg5 h6 11. Bf4 Bxf3 12. Bxf3 Na6 13. 0-0 Qd7 14. Be5 Nh7 15. Rad1 Ng5 16. Bg2 Rad8 17. a3 Kh8 18. e4 Nxe4 19. Nxe4 dxe4 20. Bxe4 f6 21. Bb1 Qd5 22. Qc2 Qg8 23. Bf4 g5 24. Be3 f5 25. d5 cxd5 26. Bxa7 Qg7 27. Bd4 Bf6 28. Qc3 Bxd4 29. Rxd4 Rc8 30. Qd2 Nc7 31. Re1 f4 32. Qd3 fxg3 33. hxg3 Rf7 34. Qg6 Rcf8 35. Qxg7+ Kxg7 36. Re2 h5 37. a4 Rf6 38. Ba2 R8f7 39. Red2 Rd7 40. b4 b6 41. g4 h4 42. Bb1 Re7 43. Bf5 Rc6 44. Rd1 Rc3 45. Ra1 Kf6 46. a5 bxa5 47. bxa5 Re8 48. a6 Ra8 49. Rb4 Rc6 50. a7 Ke7 51. Rb8 Ra6 52. Rc8 Rc6 53. Re1+ Kd6 54. Rxa8 Nxa8 55. Re8 Nc7 56. a8Q Nxa8 57. Rxa8 Ke5 58. Rg8 Kf4 59. Kg2 Rd6 60. Bc8 d4 61. Re8 d3 62. Bb7 Rd4 63. Rf8+ Ke5 64. Rf5+ Kd6 65. Bf3 d2 66. Bd1 Re4 67. Bf3 Rd4 68. Bd1 Re4 69. Rxg5 Re1 70. Bf3 d1Q 71. Bxd1 Rxd1 72. Rf5 Ke6 73. Rf8 Ra1 74. g5 Ra5 75. Rf6+ Ke7 76. f4 Ra3 77. Rh6 Kf7 78. f5 Rg3+ 1/2-1/2

[Event "Hotel Montesano op-A"]
[Site "Villa San Giovanni"]
[Date "2005.09.12"]
[Round "6"]
[White "Caracci, Giuseppe"]
[Black "Rombaldoni, Axel"]
[Result "0-1"]
[WhiteElo "2064"]
[BlackElo "2137"]
[PlyCount "84"]
[EventDate "2005.09.07"]
[EventType "swiss"]
[EventRounds "9"]
[EventCountry "ITA"]
[SourceTitle "CBM 108 Extra"]
[Source "ChessBase"]
[SourceDate "2005.11.04"]
[SourceVersion "1"]
[SourceVersionDate "2005.11.04"]
[SourceQuality "1"]

1. Nf3 d5 2. d4 c6 3. c4 e6 4. e3 f5 5. Nc3 Nf6 6. Qc2 Bd6 7. Bd3 Ne4 8. g3 0-0 9. Ne5 Nd7 10. Nxd7 Bxd7 11. f3 Ng5 12. Qg2 dxc4 13. Bxc4 b5 14. Bb3 c5 15. h4 Nf7 16. 0-0 c4 17. Bc2 b4 18. Ne2 Qb6 19. Kh2 a5 20. e4 b3 21. Bd1 a4 22. a3 Bc7 23. Bd2 Rfd8 24. Bc3 Nd6 25. Rc1 Bc6 26. e5 Nb5 27. Qf2 Qa7 28. f4 Bb6 29. Qe1 Bd5 30. Qd2 Be4 31. Bb4 Nxd4 32. Nxd4 Bxd4 33. Bd6 Be3 34. Qc3 Bxc1 35. Qxc1 Qd4 36. Bb4 Rd7 37. Bc3 Qd3 38. Bh5 Rad8 39. Re1 Qc2+ 40. Be2 Qxc1 41. Rxc1 Rd2 42. Re1 Bf3 0-1